|
|
|
|
| LEADER |
00000ckm a2200000 a 4500 |
| 001 |
vtls001204885 |
| 003 |
SK-MaSNL |
| 005 |
20260331202717.0 |
| 007 |
kf co |
| 008 |
180703s1989 xo g 0kuslo |
| 015 |
|
|
|a SNBG1989
|
| 035 |
|
|
|a SNK000147955
|
| 040 |
|
|
|a SNK
|b slo
|c SNK
|e AACR2
|
| 041 |
0 |
|
|a slo
|
| 043 |
|
|
|a e-xo---
|
| 044 |
|
|
|a xo
|c SK
|
| 072 |
|
7 |
|a 913
|x Regionálna geografia
|2 konspekt
|
| 080 |
|
|
|a 913(437.6)
|2 2011
|
| 080 |
|
|
|a (084.121)
|2 2011
|
| 080 |
|
|
|a 721
|2 2011
|
| 080 |
|
|
|a 640.412
|2 2011
|
| 080 |
|
|
|a 725.1:339.372.2
|2 2011
|
| 080 |
|
|
|a 726:27-523.42:274.5(439.22)
|2 2011
|
| 100 |
1 |
|
|a Koiš, Ľudovít
|c (fotograf)
|4 pht
|9 283317
|
| 245 |
1 |
0 |
|a Dunajská Streda
|h grafika
|c foto Ľudovít Koiš, Miroslav Mádr, Milan Šmátrala
|
| 246 |
1 |
|
|i Názov na obrazovej časti:
|a Dunajská Streda
|
| 260 |
|
|
|a Bratislava
|b Pravda
|c 1989
|e [Bratislava]
|f TZP-B
|
| 300 |
|
|
|a 1 pohľadnica (4 čiastkové pohľady)
|b farebná
|c 11 x 15 cm
|
| 500 |
|
|
|a Na adresnej časti uvedené: "Dunajská Streda - historický vznik siaha do r. 1282. Od 16. stor. sa stala dôležitým obchodným strediskom Žitného ostrova. V súčasnosti mesto s rozvíjajúcim sa priemyslom, najmä potravinárskym"
|
| 520 |
8 |
|
|a Zobrazenie: Štyri čiastkové pohľady, každý v bielom orámovaní, všetky spolu v striebornom orámovaní. Vľavo je medzi pohľadmi vodorovne tmavozeleným písmom na bielom podklade názov. Pohľad na poschodové budovy vľavo v pozadí za ulicou. Vpravo je Kostol Evanjelickej cirkvi a. v. Pred nimi sú listnaté stromy. Pohľad na Hotel Dunaj, vpravo pred ním sú na zemi kvetináče. Vpravo hore zasahuje do záberu koruna listnatého stromu. Pohľad na obchodný dom Modrý Dunaj vľavo v pzoadí. Vpravo za ním je poschodová panelová budova. V popredí je kvetinový záhon, vravo je listnatý strom. Pohľad na kvetinové záhony vpravo, oddelené širokým chodníkom vodorovne. Vľavo v pozadí cez ulicu je rad poschodových budov. V pozadí je za nimi Kostol Evanjelickej cirkvi a. v. Vpravo hore vidno časť koruny listnatého stromu
|
| 610 |
2 |
7 |
|a Kostol Evanjelickej cirkvi a. v. (Dunajská Streda, Slovensko)
|2 SNKKA
|9 442804
|
| 650 |
0 |
7 |
|a budovy
|2 SNKPH
|9 1283
|
| 650 |
0 |
7 |
|a hotely
|2 SNKPH
|9 18422
|
| 650 |
0 |
7 |
|a obchodné domy
|2 SNKPH
|9 3005
|
| 650 |
0 |
7 |
|a evanjelické kostoly
|2 SNKPH
|9 86148
|
| 651 |
|
7 |
|a Dunajská Streda (Slovensko)
|2 SNKPHgeo
|9 17375
|
| 655 |
|
7 |
|a miestne pohľadnice
|2 SNKPH
|9 70510
|
| 700 |
1 |
|
|a Mádr, Miroslav
|c (fotograf)
|4 pht
|9 351283
|
| 700 |
1 |
|
|a Šmátrala, Milan
|c (fotograf)
|4 pht
|9 164919
|
| 958 |
|
|
|a GBN
|
| 958 |
|
|
|a GC
|
| 958 |
|
|
|a OND
|
| 999 |
|
|
|c 784124
|d 786054
|
| 952 |
|
|
|a SNK
|b SNK
|y PREZ
|7 0
|p 17A1281788
|o snkSP 141445
|i snk377/90
|0 0
|1 0
|4 0
|d 2021-06-23
|f 1
|l 0
|r 2026-02-24 01:15:05
|w 2026-02-24
|
| 952 |
|
|
|a SNK
|b SNK
|y PREZ
|7 0
|p 17A1281787
|o snkSP 141445 D1
|i snk378/90
|0 0
|1 0
|4 0
|d 2021-06-23
|l 0
|r 2026-02-24 01:15:05
|w 2026-02-24
|